00673nam a2200229 a 450000100060000000300090000600500170001500800410003203500190007304000350009204100080012708200290013510000310016424500450019526000420024030000280028249000220031050000190033265000270035165100430037883000220042150274BD-RJUL 20211209075502.0160824s1976 ii af 001 0 eng d a(BD-RjUL)50394 aBD-RjULbengcBD-RjULdBD-RjUL aeng 223a390.095412bCHF 197610aChoudhury, P.C. Royd1903-10aFolklore of Bihar /cP. C. Roy Chaudhury aIndia :bNational Book Trust, cc1976 a203 p. :bill. ;c22 cm1 aFolklore of India aIncludes index 0aFolklorezIndiazBihar 0aBihar (India)xSocial life and customs 0aFolklore of India